| 000 | 00415nam a2200181Ia 4500 | ||
|---|---|---|---|
| 001 | 9990 | ||
| 005 | 20260306161758.0 | ||
| 008 | 260306t1973||||xx |||||||||||||| ||spa|| | ||
| 041 | _aESP | ||
| 082 |
_aPE 869.56 _bP43 |
||
| 100 |
_aPeraltilla Díaz, Artemio _eAUT |
||
| 245 | 0 | _aMariano Melgar | |
| 260 | _c1973 | ||
| 300 |
_a100 páginas : _ccm. |
||
| 650 | _aGEN | ||
| 654 | _aCHU | ||
| 942 |
_cLIB _dJUS _fJUS _2ddc _n |
||
| 999 |
_c9990 _d9990 |
||